000 00578nam a2200229 a 4500
001 nice12345678
003 IN_TiNIC
005 20260116014716.0
008 130107s2011 noia grp 000 0 eng
020 _a9789350292051
_c399
082 0 0 _a170
_bDAL
100 _aDalai, Lama
245 _aBeyond Religion
_b Ethics for a Whole World
260 _aNoida, U.P., India
_bHarpercollins Pubs.
_c2011
300 _a188p
500 _aincludes index and biblioraphy
650 _aEthics
700 1 _aDalai, Lama
902 _bSRS
942 _cBK
999 _c16572
_d16572